Quản lý chất lượng VSATTP tại Bà Rịa - Vũng Tàu
保存先:
| 第一著者: | |
|---|---|
| フォーマット: | 図書 |
| 言語: | Undetermined |
| 主題: | |
| オンライン・アクセス: | http://lrc.tdmu.edu.vn/opac/search/detail.asp?aID=2&ID=24152 |
| タグ: |
タグ追加
タグなし, このレコードへの初めてのタグを付けませんか!
|
| Thư viện lưu trữ: | Trung tâm Học liệu Trường Đại học Thủ Dầu Một |
|---|
| LEADER | 00609nam a2200145Ia 4500 | ||
|---|---|---|---|
| 001 | TDMU_24152 | ||
| 008 | 210410s9999 xx 000 0 und d | ||
| 082 | |a 363.192 | ||
| 100 | |a Hồng Phúc | ||
| 245 | 0 | |a Quản lý chất lượng VSATTP tại Bà Rịa - Vũng Tàu | |
| 245 | 0 | |c Hồng Phúc | |
| 300 | |a Tr.16-17 | ||
| 650 | |a An toàn vệ sinh thực phẩm ; Quản lý chất lượng; Bà Rịa - Vũng Tàu; Môi trường | ||
| 856 | |u http://lrc.tdmu.edu.vn/opac/search/detail.asp?aID=2&ID=24152 | ||
| 980 | |a Trung tâm Học liệu Trường Đại học Thủ Dầu Một | ||